Gorillaz Top 20 Streamed - Statistics

General Stats
  • This quiz has been taken 313 times
    234 since last reset
  • The average score is 11 of 20
Answer Stats
Answer Streams % Correct
Feel Good Inc 1.3 billion
98%
Clint Eastwood 791 million
95%
Dare 434 million
88%
Rhinestone Eyes 444 million
78%
Dirty Harry 249 million
77%
On Melancholy Hill 582 million
71%
19-2000 129 million
69%
Cracker Island 97 million
56%
She's My Collar 235 million
52%
Humility 132 million
51%
Kids With Guns 148 million
49%
New Gold 153 million
48%
Stylo 121 million
48%
Tranz 110 million
47%
Plastic Beach 91 million
46%
Empire Ants 142 million
44%
El Manana 104 million
43%
Saturnz Barz 162 million
33%
Andromeda 143 million
28%
Tormenta 195 million
26%
No matching quizzes found
Score Distribution
Percent of People with Each Score
Percentile by Number Answered
Your Score History
You have not taken this quiz since the last reset